000
00324nam a22001337a 4500
020
_a
0-19-859140-3
082
_a
628.2 CHA'M
100
_a
CAHNDLER, BERNARD
_9
78619
245
_a
MOTOR VEHICLE WORKSHOP ORGANIZATION AND ADMINISTRATION
250
_a
2ND
260
_a
LONDON
_b
OXFORD
_c
1975
300
_a
126P
942
_c
BK
999
_c
583729
_d
583729